000
00321nam a22001457a 4500
003
SGT
020
_a
8187162066
082
_a
346.54
_b
SHA
100
_a
SHAVAKSHA K S
245
_a
THE TRADE AND MERCHANDISE MARK ACT 1958
250
_a
3
260
_a
NEW DELHI
_b
BUTTERWORTH
_c
1999
300
_a
556
942
_2
ddc
_c
BK
999
_c
25539
_d
25539